In xiskuama xoru jñatjo : (Record no. 210938)

MARC details
000 -CABECERA
campo de control de longitud fija 00973nam a22002537a 4500
005 - FECHA Y HORA DE LA ÚLTIMA TRANSACCIÓN
campo de control 20240209113731.0
008 - ELEMENTOS DE LONGITUD FIJA--INFORMACIÓN GENERAL
campo de control de longitud fija 240209s1996 mx| |||br|||| 000 0 nai d
020 ## - NÚMERO INTERNACIONAL NORMALIZADO PARA LIBROS
Número Internacional Estándar del Libro 9682981093
040 ## - FUENTE DE LA CATALOGACIÓN
Centro catalogador/agencia de origen MX-MxUPN
Lengua de catalogación spa
041 ## - CÓDIGO DE IDIOMA
Código de lengua del texto/banda sonora o título independiente Mazahua
050 #4 - SIGNATURA TOPOGRÁFICA DE LA BIBLIOTECA DEL CONGRESO
Número de clasificación LB1578.339 M91
Número de documento/Ítem S29 1996
100 1# - ASIENTO PRINCIPAL--NOMBRE PERSONAL
9 (RLIN) 29933
Nombre de persona Sánchez Gómez, Pablo
245 10 - MENCIÓN DE TÍTULO
Título In xiskuama xoru jñatjo :
Resto del título lengua mazahua, Estado de México y Michoacán : primer ciclo
250 ## - MENCIÓN DE EDICIÓN
Mención de edición Segunda edición
260 ## - PUBLICACIÓN, DISTRIBUCIÓN, ETC.
Lugar de publicación, distribución, etc. México, D.F. :
Nombre del editor, distribuidor, etc. Secretaría de Educación Pública, Dirección General de Educación Indígena,
Fecha de publicación, distribución, etc. 1996
300 ## - DESCRIPCIÓN FÍSICA
Extensión 2 volúmenes
500 ## - NOTA GENERAL
Nota general La biblioteca tiene únicamente el volumen 1.
650 #4 - ASIENTO SECUNDARIO DE MATERIA - TERMINO TEMATICO
9 (RLIN) 8083
Término de materia o nombre geográfico como elemento de entrada Cartilla mazahua
650 #4 - ASIENTO SECUNDARIO DE MATERIA - TERMINO TEMATICO
9 (RLIN) 24187
Término de materia o nombre geográfico como elemento de entrada Indígenas de México
Subdivisión general Lenguas
Subdivisión geográfica Michoacán
650 #4 - ASIENTO SECUNDARIO DE MATERIA - TERMINO TEMATICO
9 (RLIN) 27009
Término de materia o nombre geográfico como elemento de entrada Indígenas de México
Subdivisión general Lenguas
Subdivisión geográfica Estado de México
650 #4 - ASIENTO SECUNDARIO DE MATERIA - TERMINO TEMATICO
9 (RLIN) 27490
Término de materia o nombre geográfico como elemento de entrada Mazahua
Subdivisión general Estudio y enseñanza (Elemental)
902 ## - ELEMENTOS DE DATOS B LOCAL, LDB (RLIN)
Creó VíctorGodínez/090224
942 ## - ELEMENTOS DE PUNTO DE ACCESO ADICIONAL (KOHA)
Fuente del sistema de clasificación o colocación Library of Congress Classification
Tipo de ítem Koha Libro
Holdings
Estado de retiro Estado de pérdida Fuente del sistema de clasificación o colocación Estado dañado No para préstamo Código de colección Localización permanente Ubicación/localización actual Ubicación en estantería Fecha de adquisición Enumeración/cronología de publicación seriada Clasificación Código de barras Fecha visto por última vez Precio válido a partir de Tipo de ítem Koha
    Library of Congress Classification   Disponible (Préstamo en sala) Libros de texto gratuitos Bib. Gregorio Torres Quintero Bib. Gregorio Torres Quintero Colecciones especiales Planta alta 09/02/2024 v.1 LB1578.339 M91 S29 1996 328912 09/02/2024 09/02/2024 Libro